Essentials of instruction: (Record no. 20649)
[ view plain ]
| 000 -LEADER | |
|---|---|
| fixed length control field | 00660nam a22001817a 4500 |
| 008 - FIXED-LENGTH DATA ELEMENTS--GENERAL INFORMATION | |
| fixed length control field | 250211b |||||||| |||| 00| 0 eng d |
| 020 ## - INTERNATIONAL STANDARD BOOK NUMBER | |
| International Standard Book Number | 9966854940 |
| 040 ## - CATALOGING SOURCE | |
| Original cataloging agency | KABU |
| Transcribing agency | KABU |
| 050 ## - LIBRARY OF CONGRESS CALL NUMBER | |
| Classification number | LB1051 |
| Item number | .E87 2014 |
| 245 ## - TITLE STATEMENT | |
| Title | Essentials of instruction: |
| Remainder of title | a handbook for school teachers / |
| Statement of responsibility, etc. | edited by Marcella Mwaka, Violet Kafwa Nabwire & Josephine Musamas |
| 260 ## - PUBLICATION, DISTRIBUTION, ETC. (IMPRINT) | |
| Place of publication, distribution, etc. | Eldoret, Kenya: |
| Name of publisher, distributor, etc. | Moi University Press |
| Date of publication, distribution, etc. | 2014 |
| 300 ## - PHYSICAL DESCRIPTION | |
| Extent | xiii, 346p. |
| Other physical details | Includes bibliographical references |
| 650 ## - SUBJECT ADDED ENTRY--TOPICAL TERM | |
| Topical term or geographic name as entry element | Teaching |
| General subdivision | Instruction |
| 700 ## - ADDED ENTRY--PERSONAL NAME | |
| Personal name | Mwaka, Marcella |
| Relator term | Editor. |
| 700 ## - ADDED ENTRY--PERSONAL NAME | |
| Personal name | Nabwire, Violet Kafwa |
| Relator term | Editor. |
| 700 ## - ADDED ENTRY--PERSONAL NAME | |
| Personal name | Musamas, Josephine |
| Relator term | Editor. |
| 942 ## - ADDED ENTRY ELEMENTS (KOHA) | |
| Source of classification or shelving scheme | Library of Congress Classification |
| Koha item type | General Collection |
| Withdrawn status | Lost status | Source of classification or shelving scheme | Not for loan | Home library | Current library | Shelving location | Date acquired | Source of acquisition | Inventory number | Total Checkouts | Full call number | Barcode | Date last seen | Date last checked out | Copy number | Price effective from | Koha item type |
|---|---|---|---|---|---|---|---|---|---|---|---|---|---|---|---|---|---|
| Library of Congress Classification | Kabarak, Main Campus | Kabarak, Main Campus | General Stacks | 11/02/2025 | Donation | 2023/0394 | 2 | LB1051 .E87 2014 C.1 | 34255 | 17/06/2025 | 09/06/2025 | C.1 | 11/02/2025 | General Collection |